000 00441nam a22001577a 4500
005 20250416182107.0
008 250416b |||||||| |||| 00| 0 eng d
082 _a005.8
_bBIS-P
100 _aBishop, Christopher M.
245 _aPattren Recognition and Machine Learning /
260 _aIndia:
_bPearson;
_c2006.
300 _aXIX, 738 P. :
_bill;
_c24 cm.
500 _ainclude index.
650 _aArtificial Intelligence
999 _c36902
_d36902